000 00287 a2200145 4500
001 173541
020 _a
040 _cMagnum
100 _aJaf, Ivan
240 1 0 _aBastiana vai a luta
_lpor
245 1 0 _aBastiana vai a luta
362 0 _a1899
697 _aIJ/FABULAS
942 _cBK
999 _c173541
_d173541